Welcome to the Holygrace Academy Library

Please use search bar below to get started

BASIC CONCEPTS IN BIOLOGY (Record no. 1450)

MARC details
000 -LEADER
fixed length control field 00351nam a22001457a 4500
020 ## - INTERNATIONAL STANDARD BOOK NUMBER
ISBN 0-535-50443-4
082 ## - DEWEY DECIMAL CLASSIFICATION NUMBER
Classification number 574
Item number STA/B
100 ## - MAIN ENTRY--AUTHOR NAME
Personal name STARR, CECIE
245 ## - TITLE STATEMENT
Title BASIC CONCEPTS IN BIOLOGY
250 ## - EDITION STATEMENT
Edition statement THIRD EDITION
260 ## - PUBLICATION, DISTRIBUTION, ETC. (IMPRINT)
Place of publication UNITED STATES
Name of publisher WADSWORTH PUBLISHING COMPANY
300 ## - PHYSICAL DESCRIPTION
Number of Pages 743
650 ## - SUBJECT ADDED ENTRY--TOPICAL TERM
Topical Term BIOLOGY REFERENCE
Geographic subdivision INDIA
942 ## - ADDED ENTRY ELEMENTS (KOHA)
Koha item type Books
Holdings
Withdrawn status Lost status Collection code Home library Current library Shelving location Date acquired Source of acquisition Full call number Accession Number Koha item type
    Reference Main Library Main Library SHELF-5 E REFERENCE BIOLOGY 11/05/2009 purchase 574 STA/B 04462 Books